The noble scholar, jurist, historian


 His Excellency Dr. Abdul Wahhab bin Ibrahim Abu Sulaiman, may Allah have mercy on him.


 He was born in Umm Al-Qura in the year 1356 AH.

موسوعة الشخصيات السعودية / (Record no. 720)

MARC details
000 -LEADER
fixed length control field 01581cam a22003131i 4500
003 - CONTROL NUMBER IDENTIFIER
control field SA-RiAUC
005 - DATE AND TIME OF LATEST TRANSACTION
control field 20241001122501.0
008 - FIXED-LENGTH DATA ELEMENTS--GENERAL INFORMATION
fixed length control field 240929s2013____su g e 00010cara c
020 ## - INTERNATIONAL STANDARD BOOK NUMBER
International Standard Book Number 978996705224
040 ## - CATALOGING SOURCE
Original cataloging agency SA-RiKAPL
Language of cataloging ara
Transcribing agency SA-RiAUC
Description conventions rda
043 ## - GEOGRAPHIC AREA CODE
Geographic area code a-su---
082 04 - DEWEY DECIMAL CLASSIFICATION NUMBER
Classification number 920.0531
Assigning agency SA-RiAUC
090 ## - LOCALLY ASSIGNED LC-TYPE CALL NUMBER (OCLC); LOCAL CALL NUMBER (RLIN)
Classification number (OCLC) (R) ; Classification number, CALL (RLIN) (NR) 920.0531
Local cutter number (OCLC) ; Book number/undivided call number, CALL (RLIN) م و س
110 2# - MAIN ENTRY--CORPORATE NAME
Corporate name or jurisdiction name as entry element مؤسسة عكاظ للصحافة والنشر (جدة، السعودية).
Subordinate unit مركز المعلومات
Relator term مؤلف.
245 10 - TITLE STATEMENT
Title موسوعة الشخصيات السعودية /
Statement of responsibility, etc. إعداد وتوثيق مركز المعلومات، مؤسسة عكاظ للصحافة والنشر ؛ إشراف عبد الرحمن عبيد القرني ؛ تدقيق ومراجعة محمد علي الجفري، فهد محمد اليزيدي ؛ تحرير أشرف مصطفى الهندي [ومجموعة آخرون]
250 ## - EDITION STATEMENT
Edition statement الطبعة الاولى
264 #1 - PRODUCTION, PUBLICATION, DISTRIBUTION, MANUFACTURE, AND COPYRIGHT NOTICE
Place of production, publication, distribution, manufacture جدة، السعودية :
Name of producer, publisher, distributor, manufacturer مؤسسة عكاظ للصحافة والنشر،
Date of production, publication, distribution, manufacture, or copyright notice 2006
300 ## - PHYSICAL DESCRIPTION
Extent 666 صفحة ؛
Dimensions 30 سم
336 ## - CONTENT TYPE
Content type term نص
Content type code txt
Source rdacontent
Materials specified كتاب
337 ## - MEDIA TYPE
Media type term بدون وسيط
Media type code n
Source rdamedia
338 ## - CARRIER TYPE
Carrier type term مجلد
Carrier type code nc
Source rdacarrier
651 #7 - SUBJECT ADDED ENTRY--GEOGRAPHIC NAME
Geographic name السعودية
Form subdivision تراجم
-- دوائر معارف
Source of heading or term aucsh
700 1# - ADDED ENTRY--PERSONAL NAME
Personal name اليزيدي، فهد محمد
Relator term مراجع.
700 1# - ADDED ENTRY--PERSONAL NAME
Personal name القرني، عبد الرحمن عبيد
Relator term مشرف.
700 1# - ADDED ENTRY--PERSONAL NAME
Personal name الجفري، محمد علي
Relator term مراجع.
700 1# - ADDED ENTRY--PERSONAL NAME
Personal name الهندي، أشرف مصطفى
Relator term محرر.
942 ## - ADDED ENTRY ELEMENTS (KOHA)
Source of classification or shelving scheme Dewey Decimal Classification
Koha item type Books
Suppress in OPAC No
949 ## - LOCAL PROCESSING INFORMATION (OCLC)
a SA-JeALM
d 240929
u mohamedma123
n 1
Holdings
Withdrawn status Lost status Source of classification or shelving scheme Damaged status Not for loan Home library Current library Date acquired Total checkouts Full call number Barcode Date last seen Price effective from Koha item type
    Dewey Decimal Classification     DR AbdElwahab Library DR AbdElwahab Library 10/01/2024   920.0531 م و س 000001077 10/01/2024 10/01/2024 Books